Non plus ultra

Guardado en:
Bibliografiske detaljer
Hovedforfatter: Peñas, Javier
Format: Bog
Sprog:Undetermined
Udgivet: Madrid, España Devenir 1989
Fag:
Tags: Tilføj Tag
Ingen Tags, Vær først til at tagge denne postø!

MARC

LEADER 00000nam a2200000Ia 4500
008 170316s9999 xx 000 0 und d
040 |a cru BVZT 
090 |a 862 P-9n 
100 |a Peñas, Javier 
245 |a Non plus ultra 
260 |a Madrid, España 
260 |b Devenir 
260 |c 1989 
300 |a 62 páginas 
650 |a LITERATURA ESPAÑOLA 
999 |c 10311  |d 10311 
942 |c 15 D  |h 862 P-9n  |2 z